Statistics for Guess the Taylor Swift song with no hint 35

Click here to take the quiz!

General Stats

  • This quiz has been taken 635 times
  • The average score is 230 of 311

Answer Stats

Answer% Correct
I
100%
A
99%
a
99%
you
99%
the
98%
The
98%
me
96%
and
95%
And
95%
love
94%
Your
94%
your
94%
to
93%
When
93%
in
92%
In
92%
on
92%
is
90%
you're
90%
of
89%
so
89%
All
88%
all
88%
I'm
87%
No
87%
that
85%
We're
84%
for
82%
like
81%
Like
81%
But
80%
can
80%
It's
80%
say
80%
one
79%
they
79%
think
78%
I've
77%
loved
77%
are
75%
Now
75%
now
75%
up
75%
not
74%
time
74%
before
73%
girls
73%
why
73%
how
72%
mine
72%
just
71%
Every
70%
know
69%
need
69%
with
68%
made
67%
Made
67%
more
67%
some
67%
here
65%
nights
64%
way
63%
out
62%
fallen
61%
good
61%
knew
61%
thankful
61%
"Baby"
60%
late
59%
over
59%
heart
58%
there's
58%
call
57%
end
57%
straight
57%
street
56%
remember
55%
dead
54%
forever
54%
Led
54%
phone
54%
fights
53%
name
53%
alone
52%
goodbye
52%
someone
52%
wanna
52%
feels
51%
kind
51%
taught
51%
around
50%
brought
50%
dude
50%
hands
50%
cannot
49%
Cryin
49%
home
49%
into
49%
Lame
49%
mother
49%
teach
49%
amazing
48%
everything
48%
lady
48%
loyal
48%
Teenage
48%
town
48%
Treat
48%
woman
48%
bathroom
47%
one's
47%
past
47%
someone's
47%
Whose
47%
wild
47%
feelin
46%
lines
46%
sixteen
46%
handwriting
45%
intertwined
45%
mornin
45%
parallel
45%
sayin
45%
drawn
44%
Wake
44%
without
44%
Fake
43%
Holdin
42%
killin
42%
Leave
42%
makin
42%
sneakin
42%
Stars
42%
aligned
41%
Secret
41%
breakin
40%
jokes
38%
makeup
37%
(ooh)
37%

Score Distribution

Percentile by Number Answered

Percent of People with Each Score

Your Score History

You have not taken this quiz